[Event "Daehne Cup Region 14/15 VII Rest"]
[Site "Hannover"]
[Date "2015.07.30"]
[Round "5"]
[White "Piotrowski, Jan"]
[Black "Meding, Guenter"]
[Result "0-1"]
[WhiteElo "1026"]
[BlackElo "1516"]
[PlyCount "107"]
[EventDate "2015.07.??"]
[EventType "swiss"]
[EventCountry "GER"]
[SourceTitle "EXT 2022"]
[Source "ChessBase"]
[SourceDate "2021.10.06"]
[SourceVersion "1"]
[SourceVersionDate "2021.10.06"]
[SourceQuality "1"]

1. e4 e5 2. Nf3 d6 3. Bc4 Be7 4. Nc3 Nf6 5. d3 h6 6. h3 c6 7. 0-0 a5 8. a4 0-0 9. d4 exd4 10. Nxd4 Nbd7 11. Re1 Re8 12. Nf5 Ne5 13. Bb3 Bxf5 14. exf5 Qc7 15. Ne2 d5 16. c3 Bd6 17. Ng3 Ned7 18. Kh2 Nc5 19. Bc2 Rxe1 20. Qxe1 Nce4 21. f4 Bxf4 22. Bxf4 Qxf4 23. Rd1 Re8 24. Rd3 Nxg3 25. Qxg3 Qxg3+ 26. Kxg3 Re2 27. Bd1 Rxb2 28. Re3 Ne4+ 29. Kh2 Rd2 30. Bf3 Rc2 31. Bxe4 dxe4 32. Rxe4 Rxc3 33. Re8+ Kh7 34. Rb8 Rb3 35. Rf8 f6 36. Rf7 b5 37. axb5 cxb5 38. h4 a4 39. g3 a3 40. Kh3 a2 41. Ra7 Rb2 42. Kg4 Rb4+ 43. Kf3 Ra4 44. Rxa4 bxa4 45. Kg4 a1Q 46. Kh5 Qd1+ 47. g4 Qxg4+ 48. Kxg4 a3 49. h5 a2 50. Kh4 a1Q 51. Kg4 Qd4+ 52. Kg3 Qe4 53. Kf2 Qxf5+ 54. Ke3 0-1

[Event "Daehne Cup Region 14/15 VII Rest"]
[Site "Hannover"]
[Date "2015.07.23"]
[Round "4"]
[White "Meding, Guenter"]
[Black "Lick, Helmut"]
[Result "0-1"]
[WhiteElo "1516"]
[BlackElo "1497"]
[PlyCount "70"]
[EventDate "2015.07.??"]
[EventType "swiss"]
[EventCountry "GER"]
[SourceTitle "EXT 2022"]
[Source "ChessBase"]
[SourceDate "2021.10.06"]
[SourceVersion "1"]
[SourceVersionDate "2021.10.06"]
[SourceQuality "1"]

1. d4 Nf6 2. Nf3 g6 3. c4 d6 4. Nc3 Bg7 5. e4 Nbd7 6. h3 e5 7. Be3 0-0 8. Be2 b6 9. d5 Nc5 10. Qc2 Nh5 11. Qd2 f5 12. exf5 gxf5 13. Bxc5 bxc5 14. Nxe5 Bxe5 15. Bxh5 Qh4 16. Be2 f4 17. Bf3 Bd4 18. Rf1 Be3 19. Qc2 Bf5 20. Ne4 Bxe4 21. Bxe4 Rae8 22. Kd1 Bd4 23. Bf5 Qh5+ 24. Bg4 Qg5 25. Rb1 Kh8 26. b4 Rb8 27. bxc5 Rxb1+ 28. Qxb1 Bxc5 29. a4 a5 30. Qe4 Qf6 31. Qc2 Qd4+ 32. Ke2 Rb8 33. Kf3 Rb2 34. Qe4 Rxf2+ 35. Rxf2 Qxf2# 0-1

[Event "Daehne Cup Region 14/15 VII Rest"]
[Site "Hannover"]
[Date "2015.07.16"]
[Round "3"]
[White "Fenge, Hilmar"]
[Black "Meding, Guenter"]
[Result "0-1"]
[WhiteElo "995"]
[BlackElo "1516"]
[PlyCount "120"]
[EventDate "2015.07.??"]
[EventType "swiss"]
[EventCountry "GER"]
[SourceTitle "EXT 2022"]
[Source "ChessBase"]
[SourceDate "2021.10.06"]
[SourceVersion "1"]
[SourceVersionDate "2021.10.06"]
[SourceQuality "1"]

1. Nf3 d6 2. g3 e5 3. Bg2 g6 4. Nc3 Nf6 5. d3 Bg7 6. Bg5 c6 7. 0-0 0-0 8. Re1 Be6 9. d4 Nbd7 10. e4 Qa5 11. a3 Bg4 12. Qd3 Bxf3 13. Bxf3 exd4 14. Qxd4 Qxg5 15. Qxd6 Qe5 16. Qd2 Nc5 17. b4 Rfd8 18. Qe3 Ne6 19. Rab1 Ng4 20. Bxg4 Qxc3 21. Qc1 Nd4 22. Bd1 Nf3+ 23. Bxf3 Qxf3 24. Rb3 Qf6 25. Kg2 Qd4 26. Rd3 Qb6 27. Rf3 a5 28. c3 axb4 29. cxb4 Qd4 30. Qc2 Qb2 31. Qb3 Qxb3 32. Rxb3 Rd2 33. Kf3 Ra2 34. Ree3 Bd4 35. Red3 Rxf2+ 36. Kg4 Be5 37. h4 Rh2 38. b5 Kg7 39. Rd7 h5+ 40. Kf3 Ra2 41. Rxb7 cxb5 42. R7xb5 R2xa3 43. Kg2 Rxb3 44. Rxb3 Ra2+ 45. Kf3 Bd4 46. Kf4 f6 47. Rb7+ Kh6 48. Rb3 Rf2+ 49. Rf3 Rg2 50. Rd3 Be5+ 51. Kf3 Rxg3+ 52. Ke2 Rxd3 53. Kxd3 Bg3 54. Ke3 Bxh4 55. Kf3 g5 56. Kg2 g4 57. Kh2 Kg5 58. Kg2 Kf4 59. e5 fxe5 60. Kh2 e4 0-1

[Event "Hannover Region-ch"]
[Site "Hannover"]
[Date "2009.02.21"]
[Round "5"]
[White "Almeev, Timur"]
[Black "Meding, Guenter"]
[Result "1/2-1/2"]
[WhiteElo "1064"]
[BlackElo "1697"]
[PlyCount "74"]
[EventDate "2009.01.10"]
[EventType "swiss"]
[EventRounds "7"]
[EventCountry "GER"]
[SourceTitle "EXT 2021"]
[Source "ChessBase"]
[SourceDate "2020.10.23"]
[SourceVersion "1"]
[SourceVersionDate "2020.10.23"]
[SourceQuality "1"]

1. e4 e5 2. Nf3 d6 3. d4 exd4 4. Nxd4 d5 5. Nf3 Be6 6. c4 dxe4 7. Qxd8+ Kxd8 8. Ng5 Nf6 9. Be3 Bb4+ 10. Bd2 Nc6 11. a3 Bxd2+ 12. Nxd2 Nd4 13. 0-0-0 Ke7 14. Ndxe4 Nb3+ 15. Kc2 Nxe4 16. Nxe4 Na5 17. Nc5 Rhd8 18. Nxe6 Rxd1 19. Kxd1 Kxe6 20. Bd3 Rd8 21. Re1+ Kf6 22. Kc2 c5 23. Re4 g6 24. Kc3 Nc6 25. Rf4+ Kg7 26. Re4 a5 27. b3 b6 28. Rf4 Nd4 29. b4 axb4+ 30. axb4 f5 31. bxc5 bxc5 32. Rh4 g5 33. Rh3 Rb8 34. g4 Rb3+ 35. Kd2 h6 36. gxf5 Rb2+ 37. Ke3 Rb6 1/2-1/2

[Event "Hannover Region-ch"]
[Site "Hannover"]
[Date "2009.01.10"]
[Round "1"]
[White "Kleinschroth, Roland"]
[Black "Meding, Guenter"]
[Result "1-0"]
[WhiteElo "2075"]
[BlackElo "1697"]
[PlyCount "93"]
[EventDate "2009.01.10"]
[EventType "swiss"]
[EventRounds "7"]
[EventCountry "GER"]
[SourceTitle "EXT 2021"]
[Source "ChessBase"]
[SourceDate "2020.10.23"]
[SourceVersion "1"]
[SourceVersionDate "2020.10.23"]
[SourceQuality "1"]

1. e4 e5 2. f4 Qh4+ 3. g3 Qe7 4. fxe5 d6 5. Nc3 dxe5 6. Nd5 Qd8 7. Nf3 c6 8. Ne3 Bd6 9. d3 Nf6 10. Nc4 Bg4 11. Be2 Bxf3 12. Nxd6+ Qxd6 13. Bxf3 h6 14. 0-0 Nbd7 15. Be3 c5 16. c3 b6 17. Qc2 Rc8 18. Rad1 Qe6 19. Qe2 0-0 20. a3 c4 21. d4 exd4 22. cxd4 Nxe4 23. d5 Qg6 24. Bf4 Rfe8 25. Bh5 Qh7 26. Qg2 Ndf6 27. Bf3 Rcd8 28. Rfe1 Qf5 29. Rd4 Nd6 30. Rxe8+ Nfxe8 31. Qe2 g5 32. Bg4 Qg6 33. Be5 Nf6 34. Bxd6 Nxg4 35. Bc7 Rc8 36. d6 Nf6 37. d7 Nxd7 38. Rxd7 Kh7 39. Qf1 Rf8 40. Rd1 Rc8 41. Rd7 Kg7 42. Be5+ Kf8 43. Bc3 Qe6 44. Rxa7 b5 45. Qf6 Qe3+ 46. Qf2 Qe6 47. Qd4 1-0

[Event "Hannover Region-ch"]
[Site "Hannover"]
[Date "2007.03.24"]
[Round "6"]
[White "Birkenbeul, Harald"]
[Black "Meding, Guenter"]
[Result "0-1"]
[WhiteElo "1429"]
[BlackElo "1649"]
[PlyCount "72"]
[EventDate "2007.01.13"]
[EventType "swiss"]
[EventRounds "7"]
[EventCountry "GER"]
[SourceTitle "EXT 2021"]
[Source "ChessBase"]
[SourceDate "2020.10.23"]
[SourceVersion "1"]
[SourceVersionDate "2020.10.23"]
[SourceQuality "1"]

1. d4 d5 2. c4 Nf6 3. Nc3 e6 4. Bg5 Be7 5. e3 0-0 6. Nf3 a6 7. Bd3 dxc4 8. Bxc4 b5 9. Bb3 Bb7 10. a3 Nbd7 11. 0-0 Rc8 12. Qe2 c5 13. Rfd1 cxd4 14. Rxd4 Rc5 15. Bxf6 Bxf6 16. Rd3 Qc7 17. Rc1 Ne5 18. Nxe5 Bxe5 19. h3 Be4 20. Rd2 Bxc3 21. bxc3 Rxc3 22. Rxc3 Qxc3 23. Qd1 a5 24. Rd4 Qc6 25. f3 Bf5 26. e4 Qc5 27. Kh1 Bg6 28. a4 h5 29. axb5 Qxb5 30. Ba4 Qe5 31. Rd6 Rb8 32. Ra6 Rb2 33. Qd8+ Kh7 34. Ra8 Kh6 35. Qd1 Ra2 36. Bb3 Ra1 0-1

[Event "Hannover Region-ch op"]
[Site "Hannover"]
[Date "2003.03.15"]
[Round "7"]
[White "Meding, Guenter"]
[Black "Polnau, Manuel"]
[Result "1-0"]
[WhiteElo "1650"]
[BlackElo "1207"]
[PlyCount "65"]
[EventDate "2003.01.25"]
[EventType "swiss"]
[EventRounds "7"]
[EventCountry "GER"]
[SourceTitle "EXT 2022"]
[Source "ChessBase"]
[SourceDate "2021.10.06"]
[SourceVersion "1"]
[SourceVersionDate "2021.10.06"]
[SourceQuality "1"]

1. d4 d5 2. Nf3 e6 3. e3 Nf6 4. Nbd2 Bd6 5. Bd3 0-0 6. 0-0 Nbd7 7. c4 c6 8. a3 Qc7 9. Qc2 e5 10. c5 e4 11. Bxe4 Nxe4 12. Nxe4 Bxh2+ 13. Nxh2 dxe4 14. Qxe4 Nf6 15. Qc2 Re8 16. f3 Be6 17. e4 Rad8 18. Be3 Nh5 19. b4 a6 20. a4 Ng3 21. Rf2 f5 22. e5 g6 23. Qc3 h5 24. Rb2 Bd5 25. b5 Ra8 26. Rab1 Reb8 27. Qd2 Bc4 28. bxc6 bxc6 29. Rb6 Rxb6 30. Rxb6 Rb8 31. Qb4 Bd5 32. Rxb8+ Kf7 33. Rb7 1-0

[Event "Hannover Region-ch op"]
[Site "Hannover"]
[Date "2003.02.08"]
[Round "3"]
[White "Leyzerov, Ilya"]
[Black "Meding, Guenter"]
[Result "1-0"]
[WhiteElo "1880"]
[BlackElo "1650"]
[PlyCount "67"]
[EventDate "2003.01.25"]
[EventType "swiss"]
[EventRounds "7"]
[EventCountry "GER"]
[SourceTitle "EXT 2022"]
[Source "ChessBase"]
[SourceDate "2021.10.06"]
[SourceVersion "1"]
[SourceVersionDate "2021.10.06"]
[SourceQuality "1"]

1. c4 Nf6 2. Nc3 g6 3. d4 Bg7 4. Bg5 d6 5. Nf3 0-0 6. e3 Nbd7 7. Be2 c6 8. 0-0 Re8 9. Rc1 Qa5 10. a3 e5 11. d5 e4 12. Nd2 cxd5 13. Nb3 Qb6 14. cxd5 h6 15. Bf4 Ne5 16. Nd4 a6 17. b4 Bd7 18. Qb3 Qd8 19. Qb1 g5 20. Bg3 Bg4 21. Bxg4 Nexg4 22. h3 Ne5 23. Nxe4 Nxe4 24. Qxe4 Nc6 25. Nxc6 bxc6 26. Qd3 cxd5 27. Rc6 Be5 28. Bxe5 dxe5 29. Rxh6 Qc7 30. Qh7+ Kf8 31. Qh8+ Ke7 32. Qf6+ Kd7 33. Qxf7+ Re7 34. Qxd5+ 1-0

[Event "Hannover-ch op"]
[Site "Hannover"]
[Date "2002.10.08"]
[Round "7"]
[White "Meding, Guenter"]
[Black "Sinaki, Ahu"]
[Result "1-0"]
[WhiteElo "1676"]
[BlackElo "1388"]
[PlyCount "33"]
[EventDate "2002.10.04"]
[EventType "swiss"]
[EventRounds "7"]
[EventCountry "GER"]
[SourceTitle "EXT 2021"]
[Source "ChessBase"]
[SourceDate "2020.10.23"]
[SourceVersion "1"]
[SourceVersionDate "2020.10.23"]
[SourceQuality "1"]

1. d4 e6 2. Nf3 d5 3. e3 Nc6 4. a3 Bd6 5. b3 a6 6. Bb2 Nf6 7. Bd3 0-0 8. c4 b6 9. Qc2 Nd7 10. cxd5 Ne7 11. dxe6 fxe6 12. Bxh7+ Kh8 13. Qe4 Rb8 14. Ng5 Nf6 15. Qd3 c5 16. e4 Nxh7 17. Qh3 1-0

[Event "Hannover-ch op"]
[Site "Hannover"]
[Date "2002.10.07"]
[Round "5"]
[White "Meding, Guenter"]
[Black "Fliegner, Stefan"]
[Result "0-1"]
[WhiteElo "1676"]
[BlackElo "1595"]
[PlyCount "84"]
[EventDate "2002.10.04"]
[EventType "swiss"]
[EventRounds "7"]
[EventCountry "GER"]
[SourceTitle "EXT 2021"]
[Source "ChessBase"]
[SourceDate "2020.10.23"]
[SourceVersion "1"]
[SourceVersionDate "2020.10.23"]
[SourceQuality "1"]

1. d4 Nf6 2. Nf3 e6 3. c4 Bb4+ 4. Nbd2 c5 5. e3 d5 6. dxc5 Bxc5 7. Bd3 0-0 8. 0-0 Nc6 9. a3 a5 10. Qc2 d4 11. Nb3 Qe7 12. exd4 Bb6 13. Bg5 h6 14. Bh4 g5 15. Bg3 a4 16. Nbd2 Nxd4 17. Nxd4 Bxd4 18. Rac1 Bd7 19. c5 Bc6 20. Bd6 Qd7 21. Bxf8 Kxf8 22. Kh1 Ng4 23. Ne4 f5 24. Nd6 b5 25. Qe2 Bxc5 26. Nxb5 Nxf2+ 27. Rxf2 Bxf2 28. Bc4 Qb7 29. Qxf2 Bxb5 30. Bxe6 f4 31. Qc5+ Qe7 32. Qf5+ Kg7 33. Rc7 Qxc7 34. h4 Qe7 35. h5 Be8 36. Qe5+ Qf6 37. Qc5 Bf7 38. Bc4 Re8 39. Bd3 Re7 40. Qc2 Bxh5 41. Qxa4 f3 42. Qd1 fxg2+ 0-1

[Event "Langenhagen-ch op"]
[Site "Langenhagen"]
[Date "2002.06.21"]
[Round "7"]
[White "Meding, Guenter"]
[Black "Weisker, Michael"]
[Result "1-0"]
[WhiteElo "1675"]
[BlackElo "1801"]
[PlyCount "38"]
[EventDate "2002.05.03"]
[EventType "swiss"]
[EventRounds "7"]
[EventCountry "GER"]
[SourceTitle "EXT 2021"]
[Source "ChessBase"]
[SourceDate "2020.10.23"]
[SourceVersion "1"]
[SourceVersionDate "2020.10.23"]
[SourceQuality "1"]

1. d4 g6 2. e4 d6 3. Bd3 Bg7 4. Be3 a6 5. c3 e5 6. Nf3 Nc6 7. Bc2 Bg4 8. d5 Nce7 9. h3 Bc8 10. c4 h6 11. Nbd2 f5 12. g3 Nf6 13. Nh4 f4 14. gxf4 exf4 15. Bd4 0-0 16. e5 dxe5 17. Bxe5 g5 18. Nhf3 Bf5 19. Nd4 Nexd5 1-0

[Event "Langenhagen-ch op"]
[Site "Langenhagen"]
[Date "2002.06.14"]
[Round "6"]
[White "Dragoey, Sven Hugo"]
[Black "Meding, Guenter"]
[Result "1/2-1/2"]
[WhiteElo "1497"]
[BlackElo "1675"]
[PlyCount "163"]
[EventDate "2002.05.03"]
[EventType "swiss"]
[EventRounds "7"]
[EventCountry "GER"]
[SourceTitle "EXT 2021"]
[Source "ChessBase"]
[SourceDate "2020.10.23"]
[SourceVersion "1"]
[SourceVersionDate "2020.10.23"]
[SourceQuality "1"]

1. e4 e5 2. Nc3 Nf6 3. f4 d5 4. Bb5+ c6 5. Ba4 exf4 6. e5 Ne4 7. Nf3 Bg4 8. d4 Bxf3 9. Qxf3 Qh4+ 10. Ke2 Ng3+ 11. hxg3 Qxh1 12. Nxd5 Na6 13. Bxc6+ bxc6 14. Nf6+ gxf6 15. Qxc6+ Kd8 16. Qxa8+ Kd7 17. Qd5+ Kc8 18. exf6 Bh6 19. Qc6+ Nc7 20. Qf3 Re8+ 21. Kd3 fxg3 22. Qf5+ Re6 23. Bxh6 Qxa1 24. d5 Qd1+ 25. Bd2 Qe2+ 26. Kc3 Qe4 27. Qxe4 Rxe4 28. Kd3 Re5 29. c4 Rf5 30. Ke4 Rf2 31. Bc3 Rxg2 32. Kf3 Rg1 33. Bd4 Rd1 34. Bxa7 Rf1+ 35. Kg2 Rxf6 36. Kxg3 Ra6 37. Bd4 Rxa2 38. Kf4 Ra4 39. b3 Rb4 40. Kg5 Rxb3 41. Kh6 Rh3+ 42. Kg7 f5 43. Kf6 f4 44. d6 Ne8+ 45. Ke7 Nxd6 46. Kxd6 Rd3 47. Ke5 f3 48. Bc5 Kd7 49. Ke4 Rc3 50. Be3 Rxc4+ 51. Kxf3 Ke6 52. Kg2 Kf5 53. Ba7 Kg4 54. Bg1 Rc2+ 55. Kh1 Kg3 56. Bb6 h5 57. Ba7 h4 58. Bb8+ Kh3 59. Ba7 Rh2+ 60. Kg1 Ra2 61. Bb8 Rb2 62. Bd6 Rb1+ 63. Kf2 Kg4 64. Kg2 h3+ 65. Kh2 Rb2+ 66. Kh1 Rg2 67. Bc7 Kf3 68. Bb6 Ke2 69. Bc5 Kf1 70. Bd6 h2 71. Bxh2 Kf2 72. Bc7 Rg7 73. Bb6+ Kf3 74. Bg1 Rh7+ 75. Bh2 Rh4 76. Kg1 Rg4+ 77. Kh1 Kf2 78. Bc7 Rg1+ 79. Kh2 Rb1 80. Bg3+ Kf3 81. Bd6 Rb6 82. Bc5 1/2-1/2

[Event "Hannover-ch op"]
[Site "Isernhagen"]
[Date "2001.10.01"]
[Round "4"]
[White "Leppert, Hans Juergen"]
[Black "Meding, Guenter"]
[Result "1/2-1/2"]
[WhiteElo "1768"]
[BlackElo "1703"]
[PlyCount "63"]
[EventDate "2001.09.29"]
[EventType "swiss"]
[EventRounds "7"]
[EventCountry "GER"]
[SourceTitle "EXT 2021"]
[Source "ChessBase"]
[SourceDate "2020.10.23"]
[SourceVersion "1"]
[SourceVersionDate "2020.10.23"]
[SourceQuality "1"]

1. d4 d5 2. Bg5 Nd7 3. e3 Ngf6 4. Nd2 e6 5. Ngf3 Be7 6. c4 c5 7. Rc1 b6 8. cxd5 Nxd5 9. Bxe7 Qxe7 10. Be2 0-0 11. 0-0 cxd4 12. Nxd4 Bb7 13. N2b3 e5 14. Nf5 Qf6 15. Ng3 Qe6 16. Bc4 e4 17. Qh5 N7f6 18. Qg5 h6 19. Qh4 Qe5 20. Nd4 Ne7 21. Nge2 Bc8 22. Qg3 Ng6 23. Rc2 Kh8 24. Rfc1 Qxg3 25. Nxg3 Ne5 26. Be2 g6 27. h3 Kg7 28. Rc7 Nd5 29. R7c2 Nb4 30. Rc7 Nd5 31. R7c2 Nb4 32. Rc7 1/2-1/2

[Event "Hannover-ch op"]
[Site "Isernhagen"]
[Date "2001.09.30"]
[Round "2"]
[White "Meding, Guenter"]
[Black "Zoch, Werner"]
[Result "0-1"]
[WhiteElo "1703"]
[BlackElo "1955"]
[PlyCount "160"]
[EventDate "2001.09.29"]
[EventType "swiss"]
[EventRounds "7"]
[EventCountry "GER"]
[SourceTitle "EXT 2021"]
[Source "ChessBase"]
[SourceDate "2020.10.23"]
[SourceVersion "1"]
[SourceVersionDate "2020.10.23"]
[SourceQuality "1"]

1. d4 d5 2. e3 Nf6 3. Nf3 Bg4 4. c4 e6 5. Nbd2 Nbd7 6. Be2 Be7 7. a3 0-0 8. 0-0 c5 9. dxc5 a5 10. cxd5 exd5 11. Nb3 Nxc5 12. Nbd4 Qb6 13. Rb1 Rfd8 14. Bd2 Nce4 15. Be1 Rac8 16. Qa4 Ra8 17. Ne5 Bxe2 18. Nxe2 Nc5 19. Qd1 Nb3 20. Bc3 Bc5 21. Nf3 Ne4 22. Bd4 Nxd4 23. Nfxd4 Qf6 24. f3 Nd6 25. a4 Qe5 26. Qc1 Nc4 27. Kh1 Qxe3 28. Qxe3 Nxe3 29. Rfc1 Rac8 30. Rc3 Bxd4 31. Nxd4 Rc4 32. Ne2 d4 33. Nxd4 Rcxd4 34. Rxe3 Rxa4 35. Rbe1 Kf8 36. Rb3 Rd7 37. h3 Rc4 38. Rb5 a4 39. b3 axb3 40. Rxb3 g6 41. Reb1 Rcc7 42. Ra1 h5 43. Kh2 Kg7 44. h4 Kf6 45. Rab1 Ke7 46. Rb6 Kd8 47. Ra1 Rc6 48. Ra8+ Kc7 49. Rb2 Rdd6 50. Rf8 Rd7 51. Ra8 b6 52. Ra7+ Kc8 53. Ra6 Kb7 54. Rba2 Rc4 55. Kg3 Kc6 56. Rb2 Rb7 57. Ra8 b5 58. Rc8+ Kd5 59. Rd2+ Ke6 60. Re8+ Kf6 61. Rd6+ Kg7 62. Rdd8 Rc6 63. Rd3 b4 64. Rb3 Rc4 65. Re5 Rd7 66. Re4 Rxe4 67. fxe4 Rb7 68. Kf4 Kf6 69. e5+ Ke6 70. Ke4 Rb5 71. Kf4 Kd5 72. Rd3+ Kc4 73. Re3 b3 74. Re4+ Kd5 75. Re1 b2 76. Rb1 Kd4 77. Kg5 Rxe5+ 78. Kf4 Rb5 79. Kf3 Kd3 80. Kf2 Kc2 0-1